Game of Thrones by Letter - H - Statistics

General Stats
  • This quiz has been taken 149 times
  • The average score is 13 of 18
Answer Stats
Hint Answer % Correct
Sandor Clegane's nickname The {Hound}
99%
TV cable company that made "Game of Thrones" into a show HBO
98%
Giant who carries Bran Hodor
98%
Position formerly held by Jon Arryn, Ned Stark and Tywin Lannister Hand of the King
91%
TV show that is a prequel and takes place about 200 years before GoT House of the Dragon
87%
Actor who plays Jon Snow Kit Harington
87%
Seat of House Tyrell Highgarden
85%
Robert's weapon of choice War {Hammer}
82%
Huge ruined castle on Gods Eye Harrenhal
74%
House motto of the Lannisters Hear Me Roar!
69%
Friends of Arya who is good at baking Hot Pie
68%
Religious fanatic who imprisons Margaery and Loras High Sparrow
66%
Word that appears in the mottos of both House Arryn and House Tully Honor
60%
Actress who plays Cersei Lannister Lena Headey
60%
What Shae became to Lady Sansa Handmaiden
50%
Vassal house whose seat is Oldtown Hightower
49%
Last name given to any bastard born in the Westerlands Hill
32%
Seat of House Tarly Horn Hill
26%
No matching quizzes found
Score Distribution
Percent of People with Each Score
Percentile by Number Answered
Your Score History
You have not taken this quiz